Southville International School and Colleges
Your cart is empty.
  • Cart
  • Lists
    Public lists Eva Luna New books Lux_list list_1
    Your lists Log in to create your own lists
  • Log in to your account
  • Your cookies
  • Search history
Southville International School and Colleges
  • Advanced search
  • Recent comments
  • Most popular
  • Libraries

Log in to your account

Log in with GOOGLE


If you do not have an external account, but do have a local account, you can still log in:

  1. Home
  2. MARC view: Impact of operational measures by a low-cost carrier to increase passenger confidence in domestic travel.
Normal view MARC view ISBD view

Impact of operational measures by a low-cost carrier to increase passenger confidence in domestic travel. (Record no. 367234)

[ view plain ]
MARC details
000 -LEADER
fixed length control field 00860nam a22002057a 4500
003 - CONTROL NUMBER IDENTIFIER
control field 0
005 - DATE AND TIME OF LATEST TRANSACTION
control field 20250215140722.0
008 - FIXED-LENGTH DATA ELEMENTS--GENERAL INFORMATION
fixed length control field 250215b xxu||||| |||| 00| 0 eng d
050 ## - LIBRARY OF CONGRESS CALL NUMBER
Classification number HF 5415.5
Item number .D86 2023
100 ## - MAIN ENTRY--PERSONAL NAME
Personal name Dumo, Saffiyah A.
245 ## - TITLE STATEMENT
Title Impact of operational measures by a low-cost carrier to increase passenger confidence in domestic travel.
Statement of responsibility, etc Saffiyah A. Dumo and one others
260 ## - PUBLICATION, DISTRIBUTION, ETC. (IMPRINT)
Place of publication, distribution, etc Las Pinas City
Name of publisher, distributor, etc Southville International School and Colleges
Date of publication, distribution, etc 2023
300 ## - PHYSICAL DESCRIPTION
Extent iii, 150 pages;
Dimensions 28cm.
500 ## - GENERAL NOTE
General note Bachelor of Science in Tourism.
504 ## - BIBLIOGRAPHY, ETC. NOTE
Bibliography, etc Includes bibliographical references and appendices.
650 ## - SUBJECT ADDED ENTRY--TOPICAL TERM
Topical term or geographic name as entry element Low-cost airlines – Operations – Passenger confidence.
650 ## - SUBJECT ADDED ENTRY--TOPICAL TERM
Topical term or geographic name as entry element Airlines – Customer relations – Domestic travel.
650 ## - SUBJECT ADDED ENTRY--TOPICAL TERM
Topical term or geographic name as entry element Airlines – Business strategies – Low-cost carriers.
942 ## - ADDED ENTRY ELEMENTS (KOHA)
Source of classification or shelving scheme Library of Congress Classification
Koha item type Theses
Holdings
Withdrawn status Lost status Source of classification or shelving scheme Damaged status Home library Current library Shelving location Date acquired Source of acquisition Sub Shelving location Total Checkouts Full call number Barcode Date last seen Price effective from Koha item type
    Library of Congress Classification   College Library College Library Theses Section 02/15/2025 Donation     HF 5415.5 .D86 2023 T1438 02/15/2025 02/15/2025 Theses

Impact of operational measures by a low-cost carrier to increase passenger confidence in domestic travel.

APA

Dumo S. A., . (2023). Impact of operational measures by a low-cost carrier to increase passenger confidence in domestic travel. Las Pinas City: Southville International School and Colleges.

Chicago

Dumo Saffiyah A, . 2023. Impact of operational measures by a low-cost carrier to increase passenger confidence in domestic travel. Las Pinas City: Southville International School and Colleges.

Harvard

Dumo S. A., . (2023). Impact of operational measures by a low-cost carrier to increase passenger confidence in domestic travel. Las Pinas City: Southville International School and Colleges.

MLA

Dumo Saffiyah A, . Impact of operational measures by a low-cost carrier to increase passenger confidence in domestic travel. Las Pinas City: Southville International School and Colleges. 2023.

  • Print
  • Cite
  • Add to your cart (remove)
  • Save record
    BIBTEX Dublin Core MARCXML MARC (non-Unicode/MARC-8) MARC (Unicode/UTF-8) MARC (Unicode/UTF-8, Standard) MODS (XML) RIS
  • More searches
    Search for this title in:
    Other Libraries (WorldCat) Other Databases (Google Scholar) Online Stores (Bookfinder.com) Open Library (openlibrary.org)

Exporting to Dublin Core...

SOUTHVILLE LIBRARY

Southville International School and Colleges Library

1281 Tropical Ave. Cor. Luxembourg St., BF Homes International, Las Pinas City

Tel. No. 8256374 / 252358 Loc. 117/146

Powered by Koha